Being happy : you don't have to be perfect to lead a richer, happier life

Bibliographic Details
Main Author: Ben-Shahar, Tal (Author)
Format: Book
Language:English
Published: New York : McGraw-Hill 2011.
Subjects:

MARC

LEADER 00000cam a2200000 7i4500
001 0000027714
005 20241120.0
008 180115 -us eng
020 |a 9780071746618 
040 |a INS   |b eng   |e rda 
090 0 0 |a BF637.S8   |b B456 2011 
100 1 |a Ben-Shahar, Tal ,   |e author 
245 0 0 |a Being happy :   |b you don't have to be perfect to lead a richer, happier life   |c Tal Ben-Shaha 
264 1 |a New York :   |b McGraw-Hill   |c 2011. 
300 |a xxv, 246 pages ;   |c 21 cm. 
336 |a text  |2 rdacontent 
337 |a unmediated  |2 rdamedia 
338 |a volume  |2 rdacarrier 
500 |a Originally published in hardcover : The pursuit of perfect. c2009 
504 |a Includes bibliographical references (p. 234-240) 
650 0 |a Happiness 
650 0 |a Perfection 
650 0 |a Self-acceptance 
650 0 |a Success 
999 |a 1000003196   |b BOOK   |c Open Shelf   |e Default branch